[Event "RSA-ch U12 Girls"]
[Site "Gauteng"]
[Date "2017.04.07"]
[Round "5"]
[White "Palmer, Zante"]
[Black "Pelser, Jean Marie"]
[Result "1-0"]
[WhiteElo "917"]
[BlackElo "811"]
[PlyCount "63"]
[EventDate "2017.04.05"]
[EventType "swiss"]
[EventRounds "11"]
[EventCountry "RSA"]
[SourceTitle "CBM 177 Extra"]
[Source "ChessBase"]
[SourceDate "2017.04.27"]
[SourceVersion "1"]
[SourceVersionDate "2017.04.27"]
[SourceQuality "1"]

1. e4 e5 2. Nf3 Nc6 3. Bc4 Nf6 4. Ng5 d5 5. exd5 Nxd5 6. d3 Be7 7. Nxf7 Kxf7 8. Qf3+ Ke8 9. Bxd5 Rf8 10. Bxc6+ bxc6 11. Qxc6+ Bd7 12. Qe4 Qb8 13. Qxe5 Qb6 14. 0-0 Kd8 15. Qxg7 Bc5 16. Be3 Bxe3 17. Qxf8+ Be8 18. fxe3 Qxe3+ 19. Kh1 Rb8 20. Nc3 Qe7 21. Qg8 Rxb2 22. Rae1 Qd7 23. Rf8 Kc8 24. Rfxe8+ Kb7 25. Rb8+ Kc6 26. Qc4+ Kd6 27. Ne4+ Ke5 28. Nc5+ Kd6 29. Nxd7 Kxd7 30. Rxb2 Kc8 31. Qf7 c6 32. Re8# 1-0

[Event "RSA-ch U12 Girls"]
[Site "Gauteng"]
[Date "2017.04.05"]
[Round "1"]
[White "Maasdorp, Anell"]
[Black "Palmer, Zante"]
[Result "1/2-1/2"]
[WhiteElo "1132"]
[BlackElo "917"]
[PlyCount "54"]
[EventDate "2017.04.05"]
[EventType "swiss"]
[EventRounds "11"]
[EventCountry "RSA"]
[SourceTitle "CBM 177 Extra"]
[Source "ChessBase"]
[SourceDate "2017.04.27"]
[SourceVersion "1"]
[SourceVersionDate "2017.04.27"]
[SourceQuality "1"]

1. e4 e5 2. f4 d6 3. Nf3 Bg4 4. Bc4 c5 5. Nc3 Nc6 6. 0-0 Nd4 7. Bb5+ Nxb5 8. Nxb5 c4 9. Nc3 Nf6 10. d3 Rc8 11. dxc4 Rxc4 12. fxe5 Qb6+ 13. Kh1 dxe5 14. Qd3 Rc8 15. Nxe5 Qe6 16. Qb5+ Ke7 17. Nxg4 Nxg4 18. Qxb7+ Qd7 19. Qxd7+ Kxd7 20. Rxf7+ Ke8 21. Rxa7 Bb4 22. Nd5 Rf8 23. Be3 Nxe3 24. Nxe3 Bc5 25. Rxg7 Bxe3 26. Rxh7 Rxc2 27. Rb7 Rff2 1/2-1/2

[Event "RSA-ch U10 Girls"]
[Site "Waterkloof"]
[Date "2015.04.07"]
[Round "6"]
[White "Palmer, Zante"]
[Black "Maasdorp, Anell"]
[Result "0-1"]
[WhiteElo "1011"]
[BlackElo "1104"]
[PlyCount "107"]
[EventDate "2015.04.04"]
[EventType "swiss"]
[EventRounds "9"]
[EventCountry "RSA"]
[SourceTitle "CBM 166 Extra"]
[Source "ChessBase"]
[SourceDate "2015.06.18"]
[SourceVersion "1"]
[SourceVersionDate "2015.06.18"]
[SourceQuality "1"]

1. e4 d5 2. e5 d4 3. Nf3 Bg4 4. Be2 Nc6 5. 0-0 Qd5 6. Re1 0-0-0 7. h3 Bh5 8. c4 dxc3 9. Nxc3 Qa5 10. d4 Bxf3 11. Bxf3 Nxe5 12. Rxe5 Qb6 13. Nd5 Qd6 14. Bf4 e6 15. Nc3 Qd7 16. Nb5 a6 17. Nc3 Bd6 18. Re4 Nf6 19. Bg5 Nxe4 20. Bxd8 Nxc3 21. bxc3 Rxd8 22. Qb3 Qb5 23. Rb1 Qxb3 24. Rxb3 b6 25. Bc6 e5 26. a4 a5 27. c4 exd4 28. Rd3 Bb4 29. Kf1 Rd6 30. Bd5 c6 31. Bxf7 Kb7 32. Ke2 Ka6 33. g4 b5 34. cxb5+ cxb5 35. axb5+ Kxb5 36. g5 a4 37. f4 a3 38. Kf3 Ka5 39. Ke4 Rd7 40. Be6 Re7 41. Kd5 a2 42. Rd1 Bc3 43. Kd6 Rxe6+ 44. Kxe6 a1Q 45. Rxa1+ Bxa1 46. f5 d3 47. h4 d2 48. h5 d1Q 49. h6 gxh6 50. gxh6 Qh5 51. f6 Qxh6 52. Ke7 Qxf6+ 53. Kd7 Kb5 54. Ke8 0-1

[Event "RSA-ch U10 Girls"]
[Site "Waterkloof"]
[Date "2015.04.06"]
[Round "4"]
[White "Palmer, Zante"]
[Black "Mkhize, Nosipho"]
[Result "1-0"]
[WhiteElo "1011"]
[BlackElo "779"]
[PlyCount "75"]
[EventDate "2015.04.04"]
[EventType "swiss"]
[EventRounds "9"]
[EventCountry "RSA"]
[SourceTitle "CBM 166 Extra"]
[Source "ChessBase"]
[SourceDate "2015.06.18"]
[SourceVersion "1"]
[SourceVersionDate "2015.06.18"]
[SourceQuality "1"]

1. e4 e5 2. Nf3 Nc6 3. Bb5 Nf6 4. Nc3 Bc5 5. 0-0 0-0 6. d3 Bd4 7. Bg5 Bxc3 8. bxc3 d6 9. h3 Bd7 10. d4 h6 11. Bh4 a6 12. Ba4 g5 13. Bg3 Nxe4 14. Qd3 Nxg3 15. fxg3 exd4 16. cxd4 Nb4 17. Qb3 b5 18. Qxb4 bxa4 19. Qd2 Bb5 20. Rfe1 Re8 21. h4 Rxe1+ 22. Rxe1 Bc4 23. a3 f6 24. Qb4 d5 25. Qxa4 gxh4 26. Nxh4 Qf8 27. Qa5 Qg7 28. Nf5 Qg5 29. g4 Qxg4 30. Nxh6+ Kg7 31. Nxg4 Kg6 32. Qxc7 Rg8 33. Ne3 Re8 34. Qg3+ Kf7 35. Rb1 Re4 36. Rb7+ Ke6 37. Qh3+ Kd6 38. Qd7# 1-0

[Event "RSA-ch U10 Girls"]
[Site "Waterkloof"]
[Date "2015.04.04"]
[Round "2"]
[White "Leite, Kiara"]
[Black "Palmer, Zante"]
[Result "0-1"]
[WhiteElo "634"]
[BlackElo "1011"]
[PlyCount "53"]
[EventDate "2015.04.04"]
[EventType "swiss"]
[EventRounds "9"]
[EventCountry "RSA"]
[SourceTitle "CBM 166 Extra"]
[Source "ChessBase"]
[SourceDate "2015.06.18"]
[SourceVersion "1"]
[SourceVersionDate "2015.06.18"]
[SourceQuality "1"]

1. e4 e5 2. Nf3 Nc6 3. Bc4 Bc5 4. Nc3 Nf6 5. 0-0 0-0 6. d3 h6 7. Bd2 d6 8. h3 Na5 9. Bb3 Nxb3 10. axb3 Bd4 11. Nxd4 exd4 12. Ne2 c5 13. b4 d5 14. exd5 Qxd5 15. bxc5 b5 16. c3 Bb7 17. f3 dxc3 18. Bxc3 a5 19. Rxa5 Qxc5+ 20. Bd4 Qg5 21. Qc1 Qg6 22. Qd2 Rfd8 23. Qe3 Re8 24. Qd2 Re7 25. Rb1 Bxf3 26. g3 Qxg3+ 27. Kf1 0-1